|
|
|
|
| LEADER |
00000nas a22000007a 4500 |
| 001 |
ssj0000139 |
| 003 |
WaSeSS |
| 005 |
20200512172242.0 |
| 006 |
m d |
| 007 |
cr n |
| 008 |
050614c19769999iluwr pss 0 a0eng c |
| 010 |
|
|
|a 2008215760
|
| 016 |
7 |
|
|a 7801798
|2 DNLM
|
| 016 |
7 |
|
|a M41360000
|2 DNLM
|
| 022 |
|
|
|a 1944-7647
|l 0160-7480
|y 0160-7480
|
| 035 |
|
|
|a (WaSeSS)ssj0000139
|
| 037 |
|
|
|b Modern Healthcare, 360 Michigan Ave., 5th Floor, Chicago, IL 60601-3806
|
| 040 |
|
|
|a OCLCS
|b eng
|c OCLCS
|d NSD
|d CUD
|d OCLCQ
|d COO
|d OCLCO
|d VT2
|d OCLCQ
|d OCLCF
|d OCLCQ
|d BUF
|d REB
|d OCLCO
|d APUMS
|d AU@
|d OCLCO
|d WYU
|d AUD
|d U3W
|d WaSeSS
|
| 042 |
|
|
|a pcc
|a nsdp
|
| 043 |
|
|
|a n-us---
|
| 050 |
|
4 |
|a RA960
|b .M685
|
| 060 |
0 |
0 |
|a W1
|b MO132T
|
| 082 |
1 |
0 |
|a 338
|2 14
|
| 130 |
0 |
|
|a Modern healthcare (1976 : Online)
|
| 222 |
|
0 |
|a Modern healthcare (1976. Online)
|
| 245 |
1 |
0 |
|a Modern healthcare
|h [electronic resource].
|
| 260 |
|
|
|a [Chicago] :
|b [Crain Communications]
|
| 310 |
|
|
|a Weekly,
|b Jan. 1, 1988-
|
| 321 |
|
|
|a Monthly (except semimonthly Feb., May, Aug., Nov.),
|b <Apr. 1984->
|
| 321 |
|
|
|a Biweekly,
|b <Feb. 15, 1985>-Dec. 18, 1987
|
| 362 |
1 |
|
|a Began with v. 6, no. 2 in Aug. 1976.
|
| 506 |
|
|
|a License restrictions may limit access.
|
| 525 |
|
|
|a Supplements accompany some issues.
|
| 538 |
|
|
|a Mode of access: World Wide Web.
|
| 580 |
|
|
|a Formed by the union of: Modern healthcare. [Long-term care ed.], and: Modern healthcare. [Short-term care ed.].
|
| 588 |
|
|
|a Description based on: Dec. 18, 2000; title from title screen (publisher's Web site viewed July 11, 2008).
|
| 588 |
|
|
|a Latest issue consulted: May 30, 2008 (publisher's Web site viewed July 11, 2008).
|
| 650 |
|
0 |
|a Health facilities
|v Periodicals.
|
| 650 |
|
0 |
|a Health facilities
|x Administration
|v Periodicals.
|
| 650 |
|
0 |
|a Health facilities
|z United States
|v Periodicals.
|
| 650 |
|
7 |
|a Health facilities.
|2 fast
|0 (OCoLC)fst00952947
|
| 650 |
|
7 |
|a Health facilities
|x Administration.
|2 fast
|0 (OCoLC)fst00952952
|
| 650 |
1 |
7 |
|a Gezondheidszorg.
|2 gtt
|
| 650 |
|
2 |
|a Health Services
|z United States
|v Periodicals.
|
| 650 |
|
2 |
|a Hospital Administration
|z United States
|v Periodicals.
|
| 650 |
|
2 |
|a Hospitals
|z United States
|v Periodicals.
|
| 650 |
|
2 |
|a Nursing Homes
|z United States
|v Periodicals.
|
| 651 |
|
7 |
|a United States.
|2 fast
|0 (OCoLC)fst01204155
|
| 655 |
|
0 |
|a Electronic journals.
|
| 770 |
0 |
|
|t Facilities operation & management
|
| 770 |
0 |
|
|t Eldercare business
|
| 770 |
0 |
|
|t Modern physician
|g 1996-
|
| 776 |
1 |
|
|t Modern healthcare (2006)
|x 0160-7480
|w (DLC) 78640915
|w (OCoLC)3346252
|
| 780 |
1 |
4 |
|t Modern healthcare.
|c Long-term care ed.
|
| 780 |
1 |
4 |
|t Modern healthcare.
|c Short-term care ed.
|
| 856 |
4 |
0 |
|z Full text available from Research Library: 11/22/1999 to present
|u https://search.proquest.com/publication/35029
|